000 00579nam a2200181 i 4500
001 44036
003 ES-MaACL
005 20230906160935.0
007 t|
008 030320s1900 sp c |||| | spa d
110 2 _aMuseo de Arte Moderno (Madrid)
_9163315
245 1 0 _aCatálogo provisional del Museo de Arte Moderno.
250 _a2ª ed. oficial.
260 _aMadrid :
_b[s.n.],
_c1900 (
_fImp. del Colegio Nacional de Sordomudos y de Ciegos)
300 _a118 p. ;
_c18 cm.
610 2 4 _aMuseo de Arte Moderno (Madrid)-
_vCatálogos.
_9163316
852 _aES-MaACL
_jF-12178
999 _c44036
_d44036